00309 a2200097 4500001001000000005001700010008004100027245005200068100002500120773006600145ART_4123620260410161647.0260409a 10aRetenciones ingresadas por facturas apócrifas1 aCaranta, Martín R.0 tConsultor tributariog- Año 11, Nº 120 (feb. 2017)wREV474